God is a tree and other middle-aged prayers / (Record no. 12543)
[ view plain ]
| 000 -LEADER | |
|---|---|
| fixed length control field | 00660cam a2200229 a 4500 |
| 001 - CONTROL NUMBER | |
| control field | 15323372 |
| 003 - CONTROL NUMBER IDENTIFIER | |
| control field | OSt |
| 005 - DATE AND TIME OF LATEST TRANSACTION | |
| control field | 20160408095118.0 |
| 008 - FIXED-LENGTH DATA ELEMENTS--GENERAL INFORMATION | |
| fixed length control field | 080610s2008 nyua 000 0 eng |
| 010 ## - LIBRARY OF CONGRESS CONTROL NUMBER | |
| LC control number | 2008930734 |
| 020 ## - INTERNATIONAL STANDARD BOOK NUMBER | |
| International Standard Book Number | 9781929355495 (pbk.) |
| 040 ## - CATALOGING SOURCE | |
| Original cataloging agency | SEKU |
| 050 00 - LIBRARY OF CONGRESS CALL NUMBER | |
| Classification number | PS 3553 |
| Item number | .C6 |
| 100 1# - MAIN ENTRY--PERSONAL NAME | |
| Personal name | Cohen, Esther, |
| Dates associated with a name | 1947 August 22- |
| 245 10 - TITLE STATEMENT | |
| Title | God is a tree and other middle-aged prayers / |
| Statement of responsibility, etc. | Esther Cohen. |
| 260 ## - PUBLICATION, DISTRIBUTION, ETC. (IMPRINT) | |
| Place of publication, distribution, etc. | New York : |
| Name of publisher, distributor, etc. | Pleasure Boat Studio, |
| Date of publication, distribution, etc. | 2008. |
| 300 ## - PHYSICAL DESCRIPTION | |
| Extent | 1 v. (unpaged) : |
| Other physical details | ill. ; |
| 650 ## - SUBJECT ADDED ENTRY--TOPICAL TERM | |
| Source of heading or term | American poetry -- 21st century. |
| 650 ## - SUBJECT ADDED ENTRY--TOPICAL TERM | |
| Topical term or geographic name as entry element | American poetry. |
| 650 ## - SUBJECT ADDED ENTRY--TOPICAL TERM | |
| Topical term or geographic name as entry element | Middle age -- Poetry. |
| 942 ## - ADDED ENTRY ELEMENTS (KOHA) | |
| Source of classification or shelving scheme | Library of Congress Classification |
| Koha item type | General circulation |
| Withdrawn status | Lost status | Source of classification or shelving scheme | Damaged status | Not for loan | Home library | Current library | Date acquired | Source of acquisition | Total Checkouts | Full call number | Barcode | Date last seen | Date last checked out | Price effective from | Koha item type | Public note |
|---|---|---|---|---|---|---|---|---|---|---|---|---|---|---|---|---|
| Library of Congress Classification | SEHSS - Library | SEHSS - Library | 08/04/2016 | Donations - Books for Africa | 1 | [EHS] PS 3553 .C6 | 2016/015805 | 03/04/2018 | 13/03/2018 | 08/04/2016 | General circulation | 3kwa |